00305nam a2200109Ia 4500008004000000082001500040100002100055245004300076260004400119300000700163650002500170210210b1987 xxu||||| |||| 00| 0 eng d a910.4 JOHL aJOHNSON (Julia). aLet's visit the United Arab Emirates. aLondonbMacmillan Publishers Ltd.c1987 a96 aUnited Arab Emirates